[Event "Voronezh Region-ch"]
[Site "Voronezh"]
[Date "2017.12.20"]
[Round "8"]
[White "Ioffe, Ilya"]
[Black "Surov, Sergey"]
[Result "1-0"]
[WhiteElo "2074"]
[BlackElo "2186"]
[PlyCount "103"]
[EventDate "2017.12.12"]
[EventType "swiss"]
[EventRounds "9"]
[EventCountry "RUS"]
[SourceTitle "CBM 182 Extra"]
[Source "ChessBase"]
[SourceDate "2018.02.23"]
[SourceVersion "1"]
[SourceVersionDate "2018.02.23"]
[SourceQuality "1"]

1. e4 d5 2. exd5 Nf6 3. Nf3 Nxd5 4. d4 g6 5. Be2 Bg7 6. 0-0 0-0 7. c4 Nb6 8. h3 Nc6 9. Be3 e5 10. d5 Ne7 11. Nc3 Nf5 12. Bg5 f6 13. Bd2 c6 14. dxc6 bxc6 15. c5 Nd5 16. Bc4 Be6 17. Re1 Kh8 18. Qa4 Qc7 19. Ne4 Nfe7 20. Nd6 Nf5 21. Ba5 Qd7 22. Ne4 Nfe7 23. Rad1 h6 24. Nd6 g5 25. Qc2 Nc8 26. Ne4 Qf7 27. b3 Nce7 28. Ng3 Rg8 29. Bd3 Bf8 30. Ne4 Ng6 31. Nd6 Bxd6 32. cxd6 Ngf4 33. Bf5 Qd7 34. Bxe6 Nxe6 35. Qf5 Kg7 36. Nxe5 fxe5 37. Qxe5+ Kf7 38. Rxd5 Rg6 39. Qf5+ Kg7 40. Bc3+ Kh7 41. Rde5 Re8 42. Bb2 h5 43. R5e3 Kh6 44. Be5 Rf8 45. Qd3 Rf7 46. b4 Nf4 47. Bxf4 gxf4 48. Re7 Rxe7 49. Rxe7 Qd8 50. d7 Qg8 51. Qf3 Qf8 52. Re8 1-0

[Event "Anna IRT op"]
[Site "Anna"]
[Date "2015.04.10"]
[Round "5"]
[White "Surov, Sergey"]
[Black "Geranichev, Mikhail"]
[Result "1-0"]
[WhiteElo "2216"]
[BlackElo "2095"]
[PlyCount "54"]
[EventDate "2015.04.09"]
[EventType "swiss"]
[EventRounds "9"]
[EventCountry "RUS"]
[SourceTitle "EXT 2022"]
[Source "ChessBase"]
[SourceDate "2021.10.06"]
[SourceVersion "1"]
[SourceVersionDate "2021.10.06"]
[SourceQuality "1"]

1. d4 Nf6 2. Nf3 g6 3. Bf4 Bg7 4. Nc3 d5 5. Qd2 c6 6. Bh6 0-0 7. h4 Bg4 8. h5 Bxh5 9. Ne5 c5 10. Bxg7 Kxg7 11. g4 cxd4 12. Qxd4 Bxg4 13. Nxg4 Nc6 14. Qf4 Nxg4 15. Qxg4 d4 16. 0-0-0 Qa5 17. Rxd4 Nxd4 18. Qxd4+ e5 19. Qh4 h5 20. e4 Rfc8 21. Qg3 Rh8 22. Be2 h4 23. Rxh4 Rxh4 24. Qxh4 Rh8 25. Qe7 Rh1+ 26. Kd2 Qb6 27. Qxe5+ Kg8 1-0

[Event "Anna Chess Players Memorial"]
[Site "Anna"]
[Date "2014.08.31"]
[Round "4"]
[White "Shumsky, Vladimir"]
[Black "Surov, Sergey"]
[Result "1/2-1/2"]
[WhiteElo "1839"]
[BlackElo "2232"]
[PlyCount "36"]
[EventDate "2014.08.30"]
[EventType "swiss"]
[EventRounds "9"]
[EventCountry "RUS"]
[SourceTitle "EXT 2018"]
[Source "ChessBase"]
[SourceDate "2017.10.13"]
[SourceVersion "1"]
[SourceVersionDate "2017.10.13"]
[SourceQuality "1"]

1. d4 d5 2. Nf3 Nf6 3. Bf4 Bf5 4. e3 e6 5. Bd3 Bxd3 6. Qxd3 c5 7. c3 Nc6 8. 0-0 cxd4 9. exd4 Bd6 10. Bxd6 Qxd6 11. Nbd2 0-0 12. Rfe1 a6 13. Rad1 b5 14. Ne5 h6 15. Nb3 Rfc8 16. Nxc6 Qxc6 17. Nc5 Nd7 18. Nxd7 Qxd7 1/2-1/2

[Event "Anna Chess Players Memorial"]
[Site "Anna"]
[Date "2014.08.30"]
[Round "1"]
[White "Bakhtin, Aleksandr"]
[Black "Surov, Sergey"]
[Result "0-1"]
[WhiteElo "1799"]
[BlackElo "2232"]
[PlyCount "30"]
[EventDate "2014.08.30"]
[EventType "swiss"]
[EventRounds "9"]
[EventCountry "RUS"]
[SourceTitle "EXT 2018"]
[Source "ChessBase"]
[SourceDate "2017.10.13"]
[SourceVersion "1"]
[SourceVersionDate "2017.10.13"]
[SourceQuality "1"]

1. e4 c5 2. Nf3 a6 3. d4 cxd4 4. Nxd4 Nf6 5. Nc3 e5 6. Nf3 Bb4 7. Bd3 d5 8. 0-0 Bxc3 9. bxc3 dxe4 10. Nxe5 exd3 11. cxd3 0-0 12. Ba3 Re8 13. Nf3 Nc6 14. Qc2 Bg4 15. Ng5 Be2 0-1

[Event "Borisoglebsk Bocharov Memorial"]
[Site "Borisoglebsk"]
[Date "2014.03.16"]
[Round "8"]
[White "Kovalenko, Vladimir"]
[Black "Surov, Sergey"]
[Result "1/2-1/2"]
[WhiteElo "2145"]
[BlackElo "2250"]
[PlyCount "71"]
[EventDate "2014.03.13"]
[EventType "swiss"]
[EventRounds "9"]
[EventCountry "RUS"]
[SourceTitle "CBM 159 Extra"]
[Source "ChessBase"]
[SourceDate "2014.04.24"]
[SourceVersion "1"]
[SourceVersionDate "2014.04.24"]
[SourceQuality "1"]

1. d4 Nf6 2. c4 Nc6 3. d5 Ne5 4. Qd4 Ng6 5. Nf3 d6 6. Nc3 e5 7. dxe6 fxe6 8. g3 e5 9. Qe3 Be7 10. Bg2 0-0 11. 0-0 c6 12. Qd2 e4 13. Nd4 Ne5 14. Nxe4 Nxc4 15. Qc2 d5 16. Ng5 Qb6 17. Nde6 Bxe6 18. Nxe6 Rfe8 19. Ng5 h6 20. Nh3 Bf8 21. b3 Ne5 22. Bb2 Bd6 23. Nf4 Qc7 24. Rad1 Rad8 25. e3 Qf7 26. Qe2 Neg4 27. Nd3 Ne5 28. Bd4 Nxd3 29. Qxd3 a6 30. f3 Be5 31. Bb6 Bc7 32. Bc5 Bd6 33. Bxd6 Rxd6 34. Bh3 g6 35. e4 Rdd8 36. Bg2 1/2-1/2

[Event "Borisoglebsk Autumn op"]
[Site "Borisoglebsk"]
[Date "2013.09.07"]
[Round "3"]
[White "Pilkin, Evgenii"]
[Black "Surov, Sergey"]
[Result "1/2-1/2"]
[WhiteElo "2026"]
[BlackElo "2276"]
[PlyCount "40"]
[EventDate "2013.09.06"]
[EventType "swiss"]
[EventRounds "7"]
[EventCountry "RUS"]
[SourceTitle "CBM 156 Extra"]
[Source "ChessBase"]
[SourceDate "2013.10.22"]
[SourceVersion "1"]
[SourceVersionDate "2013.10.22"]
[SourceQuality "1"]

1. c4 Nf6 2. Nc3 Nc6 3. d4 e6 4. Nf3 Bb4 5. a3 Bxc3+ 6. bxc3 d6 7. Bg5 h6 8. Bh4 g5 9. Bg3 Ne4 10. Qd3 f5 11. e3 Qf6 12. Nd2 Nxd2 13. Qxd2 e5 14. f3 f4 15. Bf2 Bf5 16. e4 Bd7 17. Rb1 b6 18. c5 dxc5 19. dxc5 Rd8 20. Qa2 Be6 1/2-1/2

[Event "Anna Akulov Memorial op"]
[Site "Anna"]
[Date "2012.10.16"]
[Round "9"]
[White "Nesterov, Andrey"]
[Black "Surov, Sergey"]
[Result "0-1"]
[WhiteElo "1961"]
[BlackElo "2275"]
[PlyCount "52"]
[EventDate "2012.10.12"]
[EventType "swiss"]
[EventRounds "9"]
[EventCountry "RUS"]
[SourceTitle "EXT 2013"]
[Source "ChessBase"]
[SourceDate "2012.11.22"]
[SourceVersion "1"]
[SourceVersionDate "2012.11.22"]
[SourceQuality "1"]

1. e4 d5 2. exd5 Nf6 3. d4 Nxd5 4. Nf3 g6 5. Be2 Bg7 6. 0-0 0-0 7. c4 Nb6 8. h3 Nc6 9. Be3 e5 10. d5 Ne7 11. Nc3 Nf5 12. Bg5 f6 13. Bc1 c6 14. g4 Nd4 15. dxc6 Nxe2+ 16. Qxe2 bxc6 17. Rd1 Qe7 18. Ne1 Qb4 19. Qf3 Qxc4 20. b3 Qa6 21. Qxc6 Bb7 22. Qe6+ Kh8 23. Be3 Rae8 24. Qd6 Ba8 25. Rac1 f5 26. a4 Qb7 0-1

[Event "Borisoglebsk-ch"]
[Site "Borisoglebsk"]
[Date "2012.06.24"]
[Round "5"]
[White "Surov, Sergey"]
[Black "Bryakin, Mikhail"]
[Result "0-1"]
[WhiteElo "2279"]
[BlackElo "2110"]
[PlyCount "46"]
[EventDate "2012.06.22"]
[EventType "swiss"]
[EventRounds "7"]
[EventCountry "RUS"]
[SourceTitle "EXT 2013"]
[Source "ChessBase"]
[SourceDate "2012.11.22"]
[SourceVersion "1"]
[SourceVersionDate "2012.11.22"]
[SourceQuality "1"]

1. e4 c6 2. d4 d5 3. exd5 cxd5 4. Bd3 Nc6 5. c3 Nf6 6. h3 g6 7. Nf3 Bf5 8. Bxf5 gxf5 9. Bf4 e6 10. Nbd2 Ne4 11. Ne5 Bd6 12. Nxe4 fxe4 13. Qh5 Bxe5 14. dxe5 Qc7 15. 0-0 0-0-0 16. f3 f5 17. fxe4 dxe4 18. Qh6 Qf7 19. Bg5 Rd3 20. Bf6 Rg8 21. Rad1 Rdg3 22. Rf2 R8g6 23. Qf4 Qg8 0-1

[Event "Anna Alekhine Cup"]
[Site "Anna"]
[Date "2012.02.20"]
[Round "8"]
[White "Surov, Sergey"]
[Black "Vechkanov, Valery"]
[Result "1-0"]
[WhiteElo "2287"]
[BlackElo "1908"]
[PlyCount "63"]
[EventDate "2012.02.17"]
[EventType "swiss"]
[EventRounds "9"]
[EventCountry "RUS"]
[SourceTitle "EXT 2013"]
[Source "ChessBase"]
[SourceDate "2012.11.22"]
[SourceVersion "1"]
[SourceVersionDate "2012.11.22"]
[SourceQuality "1"]

1. e4 c6 2. d4 d5 3. e5 Bf5 4. Nf3 Bg4 5. h3 Bxf3 6. Qxf3 e6 7. Bd3 Qb6 8. c3 c5 9. dxc5 Bxc5 10. 0-0 Nd7 11. Re1 Qc7 12. Qg3 g6 13. b4 Bb6 14. Bd2 0-0-0 15. Na3 a6 16. c4 Bd4 17. cxd5 Bxa1 18. Rxa1 Kb8 19. d6 Qc6 20. Nc4 f6 21. f4 Nh6 22. a4 Nf5 23. Qe1 Qd5 24. Ra3 fxe5 25. fxe5 Rc8 26. Na5 Qxe5 27. Qxe5 Nxe5 28. Bc3 Rxc3 29. Rxc3 Nxd6 30. Be2 Nf5 31. g4 Nh4 32. Re3 1-0

[Event "Borisoglebsk Sports Centre"]
[Site "Borisoglebsk"]
[Date "2011.09.30"]
[Round "1.1"]
[White "Surov, Sergey"]
[Black "Sinibabnov, Nikolai"]
[Result "1-0"]
[WhiteElo "2302"]
[BlackElo "1752"]
[PlyCount "45"]
[EventDate "2011.09.30"]
[EventType "swiss"]
[EventRounds "7"]
[EventCountry "RUS"]
[SourceTitle "EXT 2022"]
[Source "ChessBase"]
[SourceDate "2021.10.06"]
[SourceVersion "1"]
[SourceVersionDate "2021.10.06"]
[SourceQuality "1"]

1. d4 d5 2. Nf3 Bf5 3. c4 c6 4. Nc3 e6 5. Bf4 Nf6 6. e3 Qa5 7. Nd2 Bb4 8. Qb3 0-0 9. Be2 Ne4 10. Ndxe4 Bxe4 11. 0-0 Bxc3 12. Qxb7 Bxb2 13. Qxb2 Qb6 14. Qc3 Nd7 15. c5 Qd8 16. Bd6 Re8 17. Ba6 Qg5 18. f3 Bf5 19. Bb7 Bh3 20. Rf2 e5 21. Bxa8 Rxa8 22. f4 exf4 23. exf4 1-0